Naruto - Villages - Statistiques

Statistiques générales
  • Ce quiz a été pris 114 fois
    113 depuis la dernière actualisation
  • Le résultat moyen est 8 sur 22
Statistiques - réponses
Catégorie Pays Nom Traduction % Correct
Cinq Grands Villages Ninjas Pays du Feu Konoha (Konohagakure no Sato) Village Caché par les Feuilles d'Arbres
97%
Cinq Grands Villages Ninjas Pays de l'Eau Kiri (Kirigakure no Sato) Village Caché par la Brume
88%
Cinq Grands Villages Ninjas Pays du Vent Suna (Sunagakure no Sato) Village Caché par le Sable
87%
Cinq Grands Villages Ninjas Pays de la Foudre Kumo (Kumogakure no Sato) Village Caché par les Nuages
82%
Cinq Grands Villages Ninjas Pays de la Terre Iwa (Iwagakure no Sato) Village Caché par les Roches
81%
Petits villages ninjas - Ame (Amegakure no Sato) Village Caché par la Pluie
62%
Petits villages ninjas Pays du Son Oto (Otogakure no Sato) Village Caché du Son
56%
Petits villages ninjas Pays de la Cascade Taki (Takigakure no Sato) Village Caché de la Cascade
34%
Villages normaux Pays des Sources Chaudes Yu (Yugakure no Sato) Village Caché de l'Eau Chaude
29%
Petits villages ninjas Pays de l'Herbe Kusa (Kusagakure no Sato) Village Caché dans l'Herbe
27%
Petits villages ninjas Pays des Tourbillons (n'existe plus) Uzushio (Uzushiogakure no Sato) Village Caché des Remous (détruit)
18%
Petits villages ninjas Pays des Ours Hoshi (Hoshigakure no Sato) Village Caché parmi les Étoiles
17%
Petits villages ninjas Pays de la Neige Yuki (Yukigakure no Sato) Village Caché dans Neige
17%
Petits villages ninjas - Tsuki (Tsukigakure no Sato) Village Caché sous la Lune
12%
Petits villages ninjas Pays de la Pierre Ishi (Ishigakure no Sato) Village Caché par les Pierres
6%
Petits villages ninjas Pays des Clés Jômae (Jômae no Sato) Village des Verrous
6%
Petits villages ninjas Pays des Rivières Takumi (Takumi no Sato) Village des Artisans
6%
Petits villages ninjas Pays de la Lune Getsu (Getsugakure no Sato) Village Caché sous la Lune
5%
Petits villages ninjas Pays des Montagnes Kagerô (Kagerô no Sato) Village de la Vapeur Chaude (détruit)
5%
Petits villages ninjas - Moya (Moyagakure no Sato) Village caché de la Fumée
5%
Petits villages ninjas Pays du Gel Shimo (Shimogakure no Sato) Village Caché du Gel
5%
Petits villages ninjas Pays des Rivières Tani (Tanigakure no Sato) Village Caché de la Vallée
5%
Aucun quiz correspondant
Distribution des résultats
% des personnes avec chaque résultat
Percentile par nombre de réponses
Votre historique - résultats
Vous n’avez pas pris ce quiz depuis la dernière actualisation